الفكر التربوي المعاصر / (رقم التسجيلة. 81719)
[ عرض عادي ]
| 000 -الفاتح | |
|---|---|
| حقل البيانات ثابتة الطول | 00903nam a2200241 4500 |
| 003 - محدد رقم الضبط | |
| رقم الضبط | OSt |
| 005 - وقت وتاريخ اخر تعامل مع التسجيلة | |
| رقم الضبط | 20220824144257.0 |
| 008 - عناصر البيانات ثابتة الطول - معلومات عامة | |
| حقل البيانات ثابتة الطول | 150303s2015 jo g 000 0 ara c |
| 020 ## - الرقم الدولى المعيارى للكتب | |
| الرقم الدولى المعيارى للكتاب | 9789957249403 |
| 040 ## - مصدر الفهرسة | |
| وكالة الفهرسة الأصلية | Ma-Un |
| لغة الفهرسة | ara |
| وكالة النسخ | Ma-Un |
| 082 04 - رقم تصنيف ديوى العشرى | |
| رقم التصنيف | 370.1 |
| رقم المادة | ن إ ف |
| رقم الطبعة | 21 |
| 100 1# - المدخل الرئيسى - إسم شخصى | |
| الإسم الشخصى | ناصر، إبراهيم عبد الله |
| 245 12 - بيان العنوان | |
| العنوان | الفكر التربوي المعاصر / |
| بيان المسئوليه,etc | إبراهيم عبد الله ناصر، محمد سليم الزبون. |
| 250 ## - بيان الطبعة | |
| بيان الطبعة | ط. 1. |
| 264 ## - النشر, التوزيع, ETC. (IMPRINT) | |
| مكان الناشر او الموزع RDA | عمان، الأردن : |
| اسم الناشر او الموزع RDA | دار صفاء للنشر والتوزيع، |
| تاريخ النشر أو التوزيع | 2015 |
| تاريخ النشر هجري | 1436. |
| 300 ## - الوصف المادى | |
| التعداد | 576 ص. ؛ |
| أبعاد الوعاء | 24 سم. |
| 504 ## - تبصرة ببليوجرافية | |
| تبصرة ببليوجرافية,الخ | يشتمل على قائمة ببليوجرافية. |
| 650 #7 - المدخل الاضافى بالموضوع-مصطلح موضوعى | |
| مصطلح موضوعي أو اسم جغرافي كعنصر مدخل | التعليم |
| التقسيم الفرعي العام | فلسفة |
| 650 #7 - المدخل الاضافى بالموضوع-مصطلح موضوعى | |
| مصطلح موضوعي أو اسم جغرافي كعنصر مدخل | التربية |
| التقسيم الفرعي العام | فلسفة |
| 700 1# - المدخل الاضافى - اسم شخصى | |
| الإسم الشخصى | الزبون، محمد سليم، |
| الدور | م. مشارك. |
| 952 ## - LOCATION AND ITEM INFORMATION (KOHA) | |
| نوع المادة فى نظام كوها | كتاب |
| 952 ## - LOCATION AND ITEM INFORMATION (KOHA) | |
| نوع المادة فى نظام كوها | كتاب |
| 952 ## - LOCATION AND ITEM INFORMATION (KOHA) | |
| نوع المادة فى نظام كوها | كتاب |
| 952 ## - LOCATION AND ITEM INFORMATION (KOHA) | |
| نوع المادة فى نظام كوها | كتاب |
| 952 ## - LOCATION AND ITEM INFORMATION (KOHA) | |
| نوع المادة فى نظام كوها | كتاب |
| 952 ## - LOCATION AND ITEM INFORMATION (KOHA) | |
| نوع المادة فى نظام كوها | كتاب |
| 952 ## - LOCATION AND ITEM INFORMATION (KOHA) | |
| نوع المادة فى نظام كوها | كتاب |
| 535 2# - تبصرة موقع الأصول / النسخ | |
| المالك | 3 |
| 942 ## - | |
| -- | ddc |
| -- | BOOK |
| حالة الفقد | نموذج السعر الفعال | حالة تلف | ليس للاعارة | تاريخ الاكتساب | رقم الطلب | تاريخ الاكتساب | الموقع الحالي | الباركود | الفرع الرئيسي | Date last seen | مصدر التصنيف او خطة الترفيف | Total Checkouts |
|---|---|---|---|---|---|---|---|---|---|---|---|---|
| 2022-08-24 | Not For Loan | 2022-08-24 | 370.1 ن إ ف | 2022-08-24 | CL | 00188644 | المكتبة المركزية بالمجمعة (CL) | 2022-08-24 | Dewey Decimal Classification | |||
| 2022-08-24 | 2022-08-24 | 370.1 ن إ ف | 2022-08-24 | CL | 00188645 | المكتبة المركزية بالمجمعة (CL) | 2022-08-24 | Dewey Decimal Classification | ||||
| 2022-08-24 | 2022-08-24 | 370.1 ن إ ف | 2022-08-24 | CL | 00188646 | المكتبة المركزية بالمجمعة (CL) | 2022-08-24 | Dewey Decimal Classification | ||||
| 2022-08-24 | Not For Loan | 2022-08-24 | 370.1 ن إ ف | 2022-08-24 | EMF | 00188649 | مكتبة مجمع الطالبات بالمجمعة (EMF) | 2022-08-24 | Dewey Decimal Classification | |||
| 2022-08-24 | 2022-08-24 | 370.1 ن إ ف | 2022-08-24 | EMF | 00188650 | مكتبة مجمع الطالبات بالمجمعة (EMF) | 2022-08-24 | Dewey Decimal Classification | ||||
| 2022-08-24 | Not For Loan | 2022-08-24 | 370.1 ن إ ف | 2022-08-24 | EZF | 00188647 | مكتبة كلية التربية بالزلفى - طالبات (EZF) | 2022-08-24 | Dewey Decimal Classification | |||
| 2022-08-24 | 2022-08-24 | 370.1 ن إ ف | 2022-08-24 | EZF | 00188648 | مكتبة كلية التربية بالزلفى - طالبات (EZF) | 2022-08-24 | Dewey Decimal Classification |
